<?xml version="1.0" encoding="UTF-8"?>
<collection xmlns="http://www.loc.gov/MARC21/slim">
 <record>
  <leader>00551nas a2200133 i 4500</leader>
  <controlfield tag="001">misc21786</controlfield>
  <controlfield tag="005">20191106142106.0</controlfield>
  <controlfield tag="008">170630s1937    hu      o     0||   zxx d</controlfield>
  <datafield tag="040" ind1=" " ind2=" ">
   <subfield code="a">SZTE Miscellanea Repozitórium</subfield>
   <subfield code="b">hun</subfield>
  </datafield>
  <datafield tag="041" ind1=" " ind2=" ">
   <subfield code="a">zxx</subfield>
  </datafield>
  <datafield tag="245" ind1="0" ind2="0">
   <subfield code="a">Kecskeméti színház és mozi </subfield>
   <subfield code="h">[elektronikus dokumentum] :</subfield>
   <subfield code="b">művészeti hetilap. - 1. évf. (1937) 1. sz.</subfield>
  </datafield>
  <datafield tag="260" ind1=" " ind2=" ">
   <subfield code="c">1937</subfield>
  </datafield>
  <datafield tag="490" ind1="0" ind2=" ">
   <subfield code="a">Kecskeméti színház és mozi : művészeti hetilap</subfield>
   <subfield code="v">1 No. 1</subfield>
  </datafield>
  <datafield tag="856" ind1="4" ind2="0">
   <subfield code="u">http://misc.bibl.u-szeged.hu/21786/1/kecskemeti_szinhaz_mozi_muveszeti_1937_001_001.pdf</subfield>
   <subfield code="z">Dokumentum-elérés </subfield>
  </datafield>
 </record>
</collection>
